UBT Library

Essentials of human anatomy physiology / (Record no. 39057)

000 -LEADER
fixed length control field 00661nam a2200229 a 4500
001 - CONTROL NUMBER
control field 4854974
005 - DATE AND TIME OF LATEST TRANSACTION
control field 20171218052047.0
008 - FIXED-LENGTH DATA ELEMENTS--GENERAL INFORMATION
fixed length control field 910918s1992 iaua 001 0 eng
010 ## - LIBRARY OF CONGRESS CONTROL NUMBER
LC control number 91076062
020 ## - INTERNATIONAL STANDARD BOOK NUMBER
International Standard Book Number 069709703X
020 ## - INTERNATIONAL STANDARD BOOK NUMBER
International Standard Book Number 0697167909 (pbk.)
040 ## - CATALOGING SOURCE
Original cataloging agency DLC
Transcribing agency DLC
041 ## - LANGUAGE CODE
Language code of text/sound track or separate title eng
080 ## - UNIVERSAL DECIMAL CLASSIFICATION NUMBER
Universal Decimal Classification number 612 MIT
082 00 - DEWEY DECIMAL CLASSIFICATION NUMBER
Classification number 612 MIT
Edition number 20
100 1# - Rafti
Rafti 4
101 ## - Shkurtesa
Shkurtesa SHM
245 10 - TITLE STATEMENT
Title Essentials of human anatomy physiology /
Statement of responsibility, etc John W. Hole, Jr.
906 ## - LOCAL DATA ELEMENT F, LDF (RLIN)
a 7
b cbc
c orignew
d 2
e opcn
f 19
g y-gencatlg
942 ## - ADDED ENTRY ELEMENTS (KOHA)
Source of classification or shelving scheme
Item type Books
Holdings
Withdrawn status Lost status Source of classification or shelving scheme Damaged status Not for loan Permanent location Current location Date acquired Total Checkouts Full call number Barcode Date last seen Price effective from Koha item type
          UBT - Lipjan UBT - Lipjan 12/18/2017   612 MIT 002-29599 12/18/2017 12/18/2017 Books
UBT Library © 2015-2024. All rights reserved University Education for Business and Technology